Quizzes
Events
Quiz Creation
Community
Videos
Private Events
Remove Ads
Sign In
Join for FREE
Feedback
Dark Mode
Quiz Categories
Sports
Geography
Music
Movies
Television
Just For Fun
Miscellaneous
History
Literature
Language
Science
Gaming
Entertainment
Religion
Holiday
For Kids
Quiz Lab
Recent
Popular Today
Quiz Kudos Today
Editor Picks
Curator Picks
Quizzes by...
Day
Popularity
Type
Ratings
Length
Year
Community
Subscriptions
Recent Discussions
Orange Saloon
Badges
Playlists
Quests
Create
Leaderboards
Showdown
Live 5
Trivia Bingo
Activity
Puzzle Library
Sporcle Events
Private Events
Virtual Trivia
Globe League
Become a Host
Pub Owners
SporcleCon
Opinionation
Our Games
Videos
Blog
Mobile Apps
Partnerships
Remove Ads and Go Orange
Feedback
History
US Presidents
World Leaders
Politics
Nation
Discovery
War
Decade
Year
Century
Biography
Art
History
US Presidents
World Leaders
Politics
Nation
Discovery
War
Decade
Year
Century
Biography
Art
Random Quiz
Search Sporcle
×
Quiz Lab
Quiz Lab
History
Politics
Type in answers that appear in a list
Type in answers that appear in a list
Classic
Best Score? Go Orange.
Names of Canadian Prime Ministers Stats
Can you name the Canadian Prime Ministers?
By
Cooper
7m
27 Questions
3,257 Plays
3,257 Plays
3,257 Plays
Comments
Comments
Give Quiz Kudos
Give Quiz Kudos
-
- Ratings
hide this ad
Replay
Link that replays current quiz
Next Quiz
Link to next quiz in quiz playlist
You Got
0%
They Got
Avg Score
74%
Avg Friend Score
Upgrade to see
Score Distribution
Jump to the score distribution portion of the page
Score
0/27
Timer
07:00
0
Plays Today
Years in Office
Prime Minister
% Correct
1968 -
1979
Pierre Trudeau
94.7%
1980 -
1984
Pierre Trudeau
94.7%
2006 -
2009
Stephen Harper
94.7%
1867 -
1873
Sir John A. Macdonald
93.8%
1878 -
1891
Sir John A. Macdonald
93.8%
1993 -
1993
Kim Campbell
87.3%
1993 -
2003
Jean Chretien
86.7%
1921 -
1926
William Lyon Mackenzie King
84.9%
1926 -
1930
William Lyon Mackenzie King
84.9%
1935 -
1948
William Lyon Mackenzie King
84.9%
2003 -
2006
Paul Martin
84.5%
1984 -
1993
Brian Mulroney
83.5%
1896 -
1911
Sir Wilfred Laurier
78%
1957 -
1963
John Diefenbaker
77.3%
Years in Office
Prime Minister
% Correct
1873 -
1878
Alexander Mackenzie
76.6%
1963 -
1968
Lester B. Pearson
75.7%
1979 -
1980
Joe Clark
74%
1911 -
1920
Sir Robert Borden
70%
1984 -
1984
John Turner
61.4%
1896 -
1896
Sir Charles Tupper
57.4%
1948 -
1957
Louis St. Laurent
55.4%
1930 -
1935
Richard Bedford Bennett
54.9%
1920 -
1921
Arthur Meighen
54%
1926 -
1926
Arthur Meighen
54%
1891 -
1892
Sir John Abbott
49.5%
1894 -
1896
Sir Mackenzie Bowell
47%
1892 -
1894
Sir John Thompson
45.3%
Quiz Playlist
Details
Report
Send in Message
Add To Playlist
Classic:
Type in answers that appear in a list
Last Updated: Jun 1, 2018
Quiz Scoreboard
CHALLENGE
Sign Up to Join the Scoreboard
Show All
Scores
Hide
Comments
May contain spoilers
Recently Published
NBA Finals Game Top Scorers (2010s)
by flibbidy
Sports
5m
Guess the 'R' Things in 3 Words
by MSUKent
Miscellaneous
3m
Actor to Badly Drawn Movie III
by MoMosMoProblems
Movies
5m
More to Explore
Quiz From the Vault
Featured Blog Post
Where Does Lost Luggage Go?
hide this ad
You Might Also Like...
Tags
Canada Quiz
Politics Quiz
World Leaders Quiz
office
Party
prime
Prime Ministers
Today's Top Quizzes in History
Browse History
hide this ad
Today's Top Quizzes in Politics
Browse Politics
Top Contributed Quizzes in History
1
Nickname Match: US Presidents
2
I Am Born On March 18th
3
Nickname Match: World Leaders II
4
Nickname Match: US Presidents II
5
Famous People on Time Magazine Covers III (Slideshow)
6
10 to 1: Generals by War
7
27 Amendments
8
Order the British Succession
9
New Deal Alphabet Soup
10
I Am Born On March 17th
Explore More
Trending Topics
Anime
NBA
Disney
Marvel
Kpop
Harry Potter
Crossword
WWE
Song
The Office
NFL
Country
Soccer
Pokémon
Puzzle
hide this ad
More By:
Cooper
Quiz
Plays
Rating
Category
Featured
Created
Names of Canadian Prime Ministers
3,257
3.50
History
Nov 10, 2009
Go to Creator's Profile
Score Distribution
Quiz Creator Spotlight
Cooper
Follow
Send a Message
Quizzes Created
-
Created Quiz Play Count
-
More By This Creator
Popular Quizzes Today
1
Find the US States - No Outlines Minefield
2
Find the US States
3
The Countries of the World
4
10 Largest US States in Order
5
Find the Countries of Europe - No Outlines Minefield
6
US States
7
Guess the 'R' Things in 3 Words
8
NBA Finals Game Top Scorers (2010s)
More History Quizzes
Last Nine: German Chancellors* in Order
Curator's Pick
Trending Quizzes
First Name TV: Leading Men
Match the Book to the Film II
3-Word Movies in 1 Word II
First Name TV: Leading Women Drama
Match the Book to the Film VI
Recently Updated
Women's Final Four Teams by Year
bhenderson79
Presidents Quartet II
eogle
Anything But Clue(do)
eogle
Anything But Oceanian Capitals
eogle
Anything But 7
eogle
Anything But Thing
eogle
Word Ladder: February 29
pecheneg
Song Title Questions
pecheneg
Women's NCAA Tournament #1 Seeds
pecheneg
Celebrity Mug Shots
pecheneg
Trending Topics
Disney
Crossword
Anime
NBA
Kpop
Marvel
Harry Potter
WWE
Pokémon
Puzzle
The Office
Soccer
Song
Country
NFL
Your Account Isn't Verified!
In order to create a playlist on Sporcle, you need to verify the email address you used during registration. Go to your
Sporcle Settings
to finish the process.
Report this User
Report this user for behavior that violates our
Community Guidelines
.
Details:
Send Report
Go to the Sporcle.com Mobile Site →
Comments